| 000 | 00000nam##2200000za#4500 |
| 001 | 9.647630 |
| 003 | CaOODSP |
| 005 | 20200401064121 |
| 007 | ta |
| 008 | 150407|2000||||xxc||||| f|0| 0 eng|d |
| 020 | |a0-662-28566-2 |
| 040 | |aCaOODSP|beng |
| 043 | |an-cn--- |
| 086 | 1 |aR62-323/2000-2E |
| 110 | 1 |aCanada.|bCanadian Heritage. |bParks Canada. |
| 245 | 10|aUnimpaired for future generations? : |bConserving ecological integrity with Canada's national parks. Volume II: setting a new direction for Canada's national parks / |cIssued by the Panel on the Ecological Integrity of Canada's National Parks. |
| 260 | |aOttawa - Ontario : |bCanadian Heritage. |c2000. |
| 300 | |a1 v. in various pagings. : |bcoloured illus., figs., maps ; |c28 cm. |
| 563 | |aSoftcover |
| 590 | |a00-20|b2000-05-19 |
| 690 | 07|aNational parks|2gcpds |
| 690 | 07|aEnvironmental policy|2gcpds |
| 690 | 07|aEcology|2gcpds |
| 776 | 0#|tUnimpaired for future generations? : |w(CaOODSP)9.661889 |
| 776 | 0#|tIntacts pour les générations futures? : |w(CaOODSP)9.661890 |